|
|
|
|
| LEADER |
01420nam a2200349 a 4500 |
| 001 |
000719084 |
| 003 |
CZ BrMZK |
| 005 |
20051129121008.0 |
| 007 |
ta |
| 008 |
040601s2004 xr a e 000 0 cze |
| 015 |
|
|
|a cnb001308129
|
| 020 |
|
|
|a 80-239-2570-9
|q (váz.) :
|c Kč 598,00
|
| 035 |
|
|
|a (OCoLC)85098282
|
| 040 |
|
|
|a BOA001
|b cze
|
| 072 |
|
7 |
|a 641
|x Kuchařství. Potraviny. Vařená jídla
|2 Konspekt
|9 19
|
| 080 |
|
|
|a (083.12)
|2 MRF
|
| 080 |
|
|
|a 641.55
|2 MRF
|
| 100 |
1 |
|
|a Kuntzmannová, Miroslava,
|d 1950-
|7 mzk2005312922
|4 aut
|
| 245 |
1 |
0 |
|a Kuchařka :
|b jak chutná život /
|c [autorka receptů Miroslava Kuntzmannová ; fotografie Miloslav Bouška]
|
| 246 |
3 |
3 |
|a Jak chutná život
|
| 250 |
|
|
|a 1. české vyd.
|
| 260 |
|
|
|a [Hodonín] :
|b WS International,
|c 2004
|
| 300 |
|
|
|a 225 s. :
|b barev. il. ;
|c 22 cm
|
| 504 |
|
|
|a Obsahuje rejstřík
|
| 500 |
|
|
|a Dostupné též v digitální podobě v aplikaci Kramerius
|
| 650 |
0 |
7 |
|a jídla
|7 ph114847
|2 czenas
|
| 655 |
|
7 |
|a kuchařské recepty
|7 fd132687
|2 czenas
|
| 856 |
4 |
1 |
|u http://www.digitalniknihovna.cz/mzk/uuid/uuid:6c85b440-54be-11e6-ab2f-005056827e52
|y Digitalizovaný dokument
|x NDK
|
| 910 |
|
|
|a BOA001
|b 2-1137.206
|
| 990 |
|
|
|a BK
|
| 996 |
6 |
|
|b 2610221974
|c 2-1137.206
|l MZK
|r Sklad / do 1 hodiny
|n 0
|p p.v.
|w 000719084
|u 000010
|a 1
|e BOA001
|j MZK50
|s P
|
| 996 |
7 |
|
|b 2610221975
|c 2-1137.206
|l MZK
|r Sklad / do 1 hodiny
|n 3
|p p.v.
|w 000719084
|u 000020
|a 1
|e BOA001
|j MZK50
|s A
|